| 000 | 00561cam a2200181 4500 | ||
|---|---|---|---|
| 001 | D16291 | ||
| 008 | 090401t1968 xxu||||| |||| 00| 0 eng d | ||
| 035 | _a(Sirsi) u28407 | ||
| 041 | _aeng | ||
| 110 |
_aRoyal Institution of Chartered Surveyors _94900 |
||
| 245 | 4 | _aThe surveyors profession in Commonwealth countries: a handbook giving details of twenty-three independent surveying societies | |
| 260 |
_bRICS _c1968 |
||
| 300 | _a23p | ||
| 350 | _a0 | ||
| 520 | _aFiled in box 1968/1 AB; For Commonwealth Conference | ||
| 942 | _n0 | ||
| 948 | _c04/03/1997 | ||
| 999 |
_c89266 _d89266 |
||